000 00683nam a2200253 i 4500
001 000000001
003 DO-SdBNP
005 20260319151219.0
007 ta
008 260319s2025 dr 0000 spa d
020 _a9789945656800
040 _aDO-SdBNP
_bspa
_cBNPHU
041 _aspa
082 4 _a000
_bC747r
_222
100 1 _aCuevas, Julio
_eautor
_978189
245 1 0 _aRazonando la palabra
264 1 _aSanto Domingo :
_bEditorial Santuario ;
_c2025.
300 _a347 páginas
_c6x9cm.
336 _atexto
_btxt
_2rdacontent
337 _asin mediación
_bn
_2rdamedia
338 _avolumen
_bnc
_2rdacarrier
650 4 _aEnsayos dominicanos
942 _2ddc
_cLBS1
999 _c60522
_d60522